| 000 | 00691cab a2200241 4500 | ||
|---|---|---|---|
| 001 | ABS60662 | ||
| 008 | 090401t1999 xxu||||| |||| 00| 0 eng d | ||
| 035 | _a(Sirsi) u93721 | ||
| 041 | _aeng | ||
| 100 | _aDenyer-Green, Barry P. D. | ||
| 245 | _aBallard (Kent) Ltd v Oliver Ashworth (Holdings) Ltd | ||
| 260 | _c1999 | ||
| 350 | _a0 | ||
| 490 |
_aEstates Gazette _v(9919) 15 May 1999, 161-170(9) |
||
| 650 | _aBALLARD (KENT) LTD V OLIVER ASHWORTH (HOLDINGS) LTD | ||
| 650 | _aBREAK CLAUSES | ||
| 650 | _aDISTRESS FOR RENT ACT 1737 | ||
| 650 | _aDOUBLE RENT | ||
| 650 | _aHOLDING OVER | ||
| 690 | _aLANDLORD AND TENANT-BUSINESS TENANCIES | ||
| 942 | _n0 | ||
| 948 | _c02/06/1999 | ||
| 999 |
_c59411 _d59411 |
||